[Event "Campeonato de España Veteranos 2017"]
[Site "Altea"]
[Date "2017.10.11"]
[Round "5"]
[White "Suba, Mihai"]
[Black "Pastor Alonso De Prado, Alberto"]
[Result "1/2-1/2"]
[Board "9"]
[WhiteTitle "GM"]
[WhiteElo "2315"]
[WhiteCountry "ROU"]
[WhiteFideId "1203363"]
[WhiteEloChange "-5"]
[BlackElo "2131"]
[BlackCountry "ESP"]
[BlackFideId "2255740"]
[BlackEloChange "5"]

1. d4 {[%clk 1:30:30]} d5 {[%clk 1:30:11]} 2. c4 {[%clk 1:31:16]} e6 {[%clk
1:30:38]} 3. Nc3 {[%clk 1:31:13]} Nf6 {[%clk 1:31:01]} 4. Nf3 {[%clk 1:31:25]}
Be7 {[%clk 1:30:36]} 5. Bf4 {[%clk 1:31:40]} c5 {[%clk 1:30:09]} 6. dxc5 {[%clk
1:32:00]} Bxc5 {[%clk 1:30:31]} 7. e3 {[%clk 1:31:45]} Nc6 {[%clk 1:29:05]} 8. a3
{[%clk 1:30:52]} O-O {[%clk 1:28:17]} 9. Qc2 {[%clk 1:30:43]} Qa5 {[%clk
1:25:52]} 10. Be2 {[%clk 1:27:50]} dxc4 {[%clk 1:22:21]} 11. Bxc4 {[%clk
1:27:59]} Be7 {[%clk 1:22:25]} 12. O-O {[%clk 1:28:10]} Bd7 {[%clk 1:11:14]} 13.
Rfd1 {[%clk 1:24:54]} Rfc8 {[%clk 1:06:12]} 14. Bd3 {[%clk 1:20:03]} Be8 {[%clk
0:54:19]} 15. b4 {[%clk 1:15:45]} Qh5 {[%clk 0:54:22]} 16. Qb3 {[%clk 1:14:33]}
a5 {[%clk 0:51:14]} 17. b5 {[%clk 1:13:09]} a4 {[%clk 0:50:25]} 18. Nxa4 {[%clk
1:12:25]} Na5 {[%clk 0:49:55]} 19. Qb2 {[%clk 1:08:39]} Nd5 {[%clk 0:47:14]} 20.
Be2 {[%clk 1:08:36]} Nc4 {[%clk 0:37:58]} 21. Bxc4 {[%clk 1:03:12]} Nxf4 {[%clk
0:28:31]} 22. exf4 {[%clk 1:02:44]} Rxa4 {[%clk 0:28:52]} 23. Be2 {[%clk
1:01:28]} Rca8 {[%clk 0:23:48]} 24. Ne5 {[%clk 0:59:34]} Qh6 {[%clk 0:23:51]} 25.
g3 {[%clk 0:59:08]} g5 {[%clk 0:19:54]} 26. Ng4 {[%clk 0:43:42]} Qg7 {[%clk
0:20:11]} 27. Qxg7+ {[%clk 0:43:38]} Kxg7 {[%clk 0:20:35]} 28. fxg5 {[%clk
0:43:35]} Bxg5 {[%clk 0:20:10]} 29. h4 {[%clk 0:40:36]} Be7 {[%clk 0:19:58]} 30.
Rdc1 {[%clk 0:40:38]} b6 {[%clk 0:19:27]} 31. Rc3 {[%clk 0:35:47]} Bxa3 {[%clk
0:16:06]} 32. Rc7 {[%clk 0:33:16]} Bc5 {[%clk 0:16:15]} 33. Rxa4 {[%clk 0:31:12]}
Rxa4 {[%clk 0:16:38]} 34. Rc8 {[%clk 0:30:24]} Bxb5 {[%clk 0:16:49]} 35. Bxb5
{[%clk 0:30:05]} Rxg4 {[%clk 0:17:07]} 36. Kg2 {[%clk 0:28:46]} Rb4 {[%clk
0:16:47]} 37. Be2 {[%clk 0:29:11]} Rb2 {[%clk 0:17:02]} 38. Kf1 {[%clk 0:29:28]}
Rb1+ {[%clk 0:17:02]} 1/2-1/2

[Event "Campeonato de España Veteranos 2017"]
[Site "Altea"]
[Date "2017.10.11"]
[Round "5"]
[White "Vinal Gutierrez, Pedro"]
[Black "Dominguez Rueda, Juan"]
[Result "0-1"]
[Board "10"]
[WhiteElo "2041"]
[WhiteCountry "ESP"]
[WhiteFideId "2212870"]
[WhiteEloChange "-7"]
[BlackElo "2135"]
[BlackCountry "ESP"]
[BlackFideId "2200848"]
[BlackEloChange "7"]

1. d4 {[%clk 1:30:57]} Nf6 {[%clk 1:30:52]} 2. Bf4 {[%clk 1:31:19]} d6 {[%clk
1:30:25]} 3. e3 {[%clk 1:31:13]} Nbd7 {[%clk 1:30:31]} 4. Nf3 {[%clk 1:31:27]}
Nh5 {[%clk 1:30:30]} 5. Bg5 {[%clk 1:31:34]} h6 {[%clk 1:30:51]} 6. Bh4 {[%clk
1:31:58]} g5 {[%clk 1:31:07]} 7. Nfd2 {[%clk 1:32:15]} Ndf6 {[%clk 1:29:22]} 8.
Bg3 {[%clk 1:28:09]} Bf5 {[%clk 1:25:22]} 9. Qf3 {[%clk 1:24:52]} Nxg3 {[%clk
1:22:42]} 10. hxg3 {[%clk 1:24:42]} Qc8 {[%clk 1:18:45]} 11. e4 {[%clk 1:24:41]}
Be6 {[%clk 1:05:44]} 12. Nc3 {[%clk 1:23:20]} Bg7 {[%clk 1:05:29]} 13. O-O-O
{[%clk 1:21:14]} Bg4 {[%clk 1:05:22]} 14. Qe3 {[%clk 1:21:15]} Bxd1 {[%clk
1:05:34]} 15. Kxd1 {[%clk 1:21:36]} Ng4 {[%clk 1:04:13]} 16. Qe2 {[%clk 1:18:38]}
Bxd4 {[%clk 1:03:11]} 17. Kc1 {[%clk 1:18:49]} Nxf2 {[%clk 1:00:47]} 18. Rh2
{[%clk 1:17:00]} Ng4 {[%clk 0:56:33]} 19. Rh1 {[%clk 1:16:57]} Bxc3 {[%clk
0:56:07]} 20. bxc3 {[%clk 1:17:18]} Qd7 {[%clk 0:55:10]} 21. Nb3 {[%clk 1:17:00]}
O-O-O {[%clk 0:55:03]} 22. Qd2 {[%clk 1:16:50]} Qa4 {[%clk 0:53:08]} 23. Kb2
{[%clk 1:16:52]} Ne5 {[%clk 0:53:09]} 24. Qe3 {[%clk 1:15:51]} b5 {[%clk
0:47:27]} 25. Be2 {[%clk 1:13:29]} Nc4+ {[%clk 0:44:47]} 26. Bxc4 {[%clk
1:13:52]} bxc4 {[%clk 0:45:06]} 27. Nd4 {[%clk 1:14:14]} Kd7 {[%clk 0:45:05]} 28.
e5 {[%clk 1:14:17]} Rb8+ {[%clk 0:40:26]} 29. Ka1 {[%clk 1:14:41]} e6 {[%clk
0:23:26]} 30. Qf3 {[%clk 1:13:33]} Rhf8 {[%clk 0:23:06]} 31. exd6 {[%clk
1:06:29]} c5 {[%clk 0:22:45]} 32. Qf6 {[%clk 1:03:18]} cxd4 {[%clk 0:19:39]} 33.
Qe7+ {[%clk 1:03:34]} Kc6 {[%clk 0:19:47]} 34. d7 {[%clk 1:02:18]} Qxc2 {[%clk
0:18:44]} 0-1

[Event "Campeonato de España Veteranos 2017"]
[Site "Altea"]
[Date "2017.10.11"]
[Round "5"]
[White "Simon Padros, Emili"]
[Black "Martinez De Soria Gordon, Jose Manuel"]
[Result "1-0"]
[Board "12"]
[WhiteTitle "FM"]
[WhiteElo "2153"]
[WhiteCountry "ESP"]
[WhiteFideId "2205580"]
[WhiteEloChange "3"]
[BlackElo "1862"]
[BlackCountry "ESP"]
[BlackFideId "2259249"]
[BlackEloChange "-3"]

1. e4 {[%clk 1:30:54]} c5 {[%clk 1:27:01]} 2. Nc3 {[%clk 1:31:03]} e6 {[%clk
1:27:03]} 3. Nf3 {[%clk 1:30:53]} a6 {[%clk 1:27:12]} 4. d4 {[%clk 1:31:00]} cxd4
{[%clk 1:27:35]} 5. Nxd4 {[%clk 1:31:21]} Qc7 {[%clk 1:27:57]} 6. g3 {[%clk
1:30:49]} Bb4 {[%clk 1:23:53]} 7. Ne2 {[%clk 1:28:50]} Ne7 {[%clk 1:22:57]} 8.
Bg2 {[%clk 1:27:47]} d6 {[%clk 1:19:51]} 9. O-O {[%clk 1:26:52]} Bd7 {[%clk
1:19:48]} 10. Qd4 {[%clk 1:21:30]} Bxc3 {[%clk 1:15:55]} 11. Nxc3 {[%clk
1:20:55]} e5 {[%clk 1:14:47]} 12. Qd3 {[%clk 1:15:37]} Nbc6 {[%clk 1:10:10]} 13.
Be3 {[%clk 1:10:42]} Rd8 {[%clk 0:59:55]} 14. a3 {[%clk 1:04:27]} O-O {[%clk
0:57:27]} 15. b4 {[%clk 0:55:32]} b5 {[%clk 0:49:28]} 16. Rac1 {[%clk 0:49:47]}
Be6 {[%clk 0:43:10]} 17. Nd5 {[%clk 0:48:53]} Qb7 {[%clk 0:38:48]} 18. Rfd1
{[%clk 0:45:44]} Bxd5 {[%clk 0:35:24]} 19. exd5 {[%clk 0:45:36]} Nb8 {[%clk
0:35:32]} 20. c4 {[%clk 0:30:20]} bxc4 {[%clk 0:35:46]} 21. Rxc4 {[%clk 0:30:46]}
Rc8 {[%clk 0:35:58]} 22. Rxc8 {[%clk 0:30:39]} Rxc8 {[%clk 0:36:25]} 23. Bh3
{[%clk 0:30:32]} Rf8 {[%clk 0:33:15]} 24. Bg5 {[%clk 0:28:33]} h6 {[%clk
0:32:25]} 25. Bxe7 {[%clk 0:28:25]} Qxe7 {[%clk 0:32:53]} 26. Rc1 {[%clk
0:28:19]} Qg5 {[%clk 0:30:44]} 27. Qe3 {[%clk 0:27:08]} Qh5 {[%clk 0:29:08]} 28.
Bf1 {[%clk 0:22:31]} f5 {[%clk 0:29:24]} 29. Rc7 {[%clk 0:22:01]} f4 {[%clk
0:28:53]} 30. Qa7 {[%clk 0:21:47]} Qg5 {[%clk 0:25:33]} 31. Rb7 {[%clk 0:20:55]}
fxg3 {[%clk 0:15:29]} 32. hxg3 {[%clk 0:20:53]} Rf3 {[%clk 0:15:22]} 33. Rxb8+
{[%clk 0:18:27]} Kh7 {[%clk 0:15:51]} 34. Bg2 {[%clk 0:17:53]} Qc1+ {[%clk
0:15:49]} 35. Kh2 {[%clk 0:17:47]} e4 {[%clk 0:15:38]} 36. Bxf3 {[%clk 0:16:45]}
exf3 {[%clk 0:16:03]} 37. Qe3 {[%clk 0:15:53]} Qd1 {[%clk 0:16:29]} 38. Qe4+
{[%clk 0:16:09]} 1-0

[Event "Campeonato de España Veteranos 2017"]
[Site "Altea"]
[Date "2017.10.11"]
[Round "5"]
[White "Fos Santacreu, Juan Andres"]
[Black "Buxade Roca, Guillermo"]
[Result "0-1"]
[Board "13"]
[WhiteTitle "FM"]
[WhiteElo "2140"]
[WhiteCountry "ESP"]
[WhiteFideId "2205211"]
[WhiteEloChange "-13"]
[BlackElo "2025"]
[BlackCountry "ESP"]
[BlackFideId "2201127"]
[BlackEloChange "13"]

1. d4 {[%clk 1:28:49]} d5 {[%clk 1:30:46]} 2. Nf3 {[%clk 1:29:12]} Nf6 {[%clk
1:30:41]} 3. Bf4 {[%clk 1:28:56]} e6 {[%clk 1:29:32]} 4. e3 {[%clk 1:28:56]} Nbd7
{[%clk 1:25:48]} 5. Nbd2 {[%clk 1:26:03]} Be7 {[%clk 1:22:07]} 6. h3 {[%clk
1:24:30]} O-O {[%clk 1:22:00]} 7. Bd3 {[%clk 1:24:49]} Re8 {[%clk 1:20:27]} 8.
O-O {[%clk 1:24:41]} Nf8 {[%clk 1:20:16]} 9. Ne5 {[%clk 1:24:27]} Ng6 {[%clk
1:09:26]} 10. Bh2 {[%clk 1:24:31]} Nd7 {[%clk 1:07:42]} 11. f4 {[%clk 1:24:24]}
f5 {[%clk 1:06:42]} 12. Kh1 {[%clk 1:15:41]} Ndxe5 {[%clk 1:06:09]} 13. fxe5
{[%clk 1:16:01]} c5 {[%clk 1:02:11]} 14. c3 {[%clk 1:16:24]} c4 {[%clk 0:58:14]}
15. Bc2 {[%clk 1:16:44]} Bg5 {[%clk 0:58:05]} 16. Qe2 {[%clk 1:14:58]} Bd7 {[%clk
0:57:13]} 17. Nf3 {[%clk 1:11:30]} Bh6 {[%clk 0:54:55]} 18. Rae1 {[%clk 1:10:55]}
Nh4 {[%clk 0:53:05]} 19. Ng1 {[%clk 1:05:57]} Rf8 {[%clk 0:51:18]} 20. Bf4 {[%clk
1:04:26]} g5 {[%clk 0:48:18]} 21. Bg3 {[%clk 1:01:02]} Ng6 {[%clk 0:47:21]} 22.
Bh2 {[%clk 0:59:41]} Be8 {[%clk 0:46:57]} 23. Rf2 {[%clk 0:58:09]} Qe7 {[%clk
0:45:09]} 24. g4 {[%clk 0:57:19]} f4 {[%clk 0:37:38]} 25. e4 {[%clk 0:56:19]} Bc6
{[%clk 0:36:00]} 26. Nf3 {[%clk 0:56:25]} b5 {[%clk 0:35:20]} 27. Bg1 {[%clk
0:40:08]} a5 {[%clk 0:34:40]} 28. a3 {[%clk 0:36:54]} b4 {[%clk 0:31:56]} 29.
axb4 {[%clk 0:37:07]} axb4 {[%clk 0:32:06]} 30. exd5 {[%clk 0:37:24]} Bxd5 {[%clk
0:30:54]} 31. Be4 {[%clk 0:37:44]} Qb7 {[%clk 0:30:19]} 32. cxb4 {[%clk 0:32:14]}
Rfb8 {[%clk 0:28:41]} 33. Bxd5 {[%clk 0:29:43]} Qxd5 {[%clk 0:28:55]} 34. Qe4
{[%clk 0:29:28]} Qxe4 {[%clk 0:27:48]} 35. Rxe4 {[%clk 0:29:56]} Rxb4 {[%clk
0:27:51]} 36. Rc2 {[%clk 0:29:36]} Ra2 {[%clk 0:27:01]} 37. Ree2 {[%clk 0:29:57]}
Ne7 {[%clk 0:27:04]} 38. Bf2 {[%clk 0:29:02]} Nd5 {[%clk 0:26:48]} 39. Kh2 {[%clk
0:28:12]} Kf7 {[%clk 0:25:54]} 40. h4 {[%clk 0:23:13]} gxh4 {[%clk 0:25:18]} 41.
g5 {[%clk 0:23:26]} Bf8 {[%clk 0:25:06]} 42. Nxh4 {[%clk 0:23:32]} Be7 {[%clk
0:24:19]} 43. Kh3 {[%clk 0:17:21]} Bxg5 {[%clk 0:23:13]} 44. Kg4 {[%clk 0:16:47]}
Bxh4 {[%clk 0:22:51]} 45. Kxh4 {[%clk 0:17:04]} f3 {[%clk 0:22:32]} 46. Red2
{[%clk 0:16:35]} Kg6 {[%clk 0:19:51]} 47. Kg3 {[%clk 0:16:42]} Kf5 {[%clk
0:19:52]} 48. Kxf3 {[%clk 0:16:52]} Rb3+ {[%clk 0:19:37]} 49. Ke2 {[%clk
0:12:15]} Nf4+ {[%clk 0:19:14]} 50. Kd1 {[%clk 0:11:11]} Ra1+ {[%clk 0:10:24]}
51. Rc1 {[%clk 0:11:35]} Rxc1+ {[%clk 0:10:23]} 52. Kxc1 {[%clk 0:11:56]} Nd3+
{[%clk 0:09:56]} 53. Kb1 {[%clk 0:12:05]} Ke4 {[%clk 0:10:03]} 54. Bg1 {[%clk
0:10:23]} h5 {[%clk 0:09:29]} 55. Ka2 {[%clk 0:08:12]} Rb8 {[%clk 0:09:11]} 56.
Rh2 {[%clk 0:07:17]} Rh8 {[%clk 0:09:08]} 57. Rh4+ {[%clk 0:06:27]} Kd5 {[%clk
0:08:59]} 58. Be3 {[%clk 0:06:53]} Nb4+ {[%clk 0:08:48]} 59. Kb1 {[%clk 0:07:01]}
Rf8 {[%clk 0:08:34]} 60. b3 {[%clk 0:02:58]} c3 {[%clk 0:07:23]} 61. Rh3 {[%clk
0:02:57]} Rf1+ {[%clk 0:06:35]} 62. Bc1 {[%clk 0:03:24]} h4 {[%clk 0:06:29]} 63.
Rxh4 {[%clk 0:03:24]} 0-1

[Event "Campeonato de España Veteranos 2017"]
[Site "Altea"]
[Date "2017.10.11"]
[Round "5"]
[White "De Lucas Bello, Federico"]
[Black "Bautista Sanchez, Joan"]
[Result "1-0"]
[Board "14"]
[WhiteElo "1988"]
[WhiteCountry "ESP"]
[WhiteFideId "2218259"]
[WhiteEloChange "14"]
[BlackElo "2123"]
[BlackCountry "ESP"]
[BlackFideId "2213885"]
[BlackEloChange "-14"]

1. e4 {[%clk 1:30:46]} c6 {[%clk 1:30:47]} 2. d4 {[%clk 1:30:59]} d5 {[%clk
1:31:01]} 3. exd5 {[%clk 1:30:20]} cxd5 {[%clk 1:31:16]} 4. c4 {[%clk 1:30:42]}
Nf6 {[%clk 1:31:08]} 5. Nc3 {[%clk 1:30:59]} g6 {[%clk 1:28:58]} 6. Qb3 {[%clk
1:27:33]} Bg7 {[%clk 1:28:38]} 7. cxd5 {[%clk 1:27:45]} O-O {[%clk 1:28:44]} 8.
Be2 {[%clk 1:28:10]} Nbd7 {[%clk 1:28:50]} 9. Bf3 {[%clk 1:28:27]} Nb6 {[%clk
1:29:07]} 10. Nge2 {[%clk 1:28:53]} Bg4 {[%clk 1:28:33]} 11. Bxg4 {[%clk
1:28:58]} Nxg4 {[%clk 1:28:53]} 12. O-O {[%clk 1:27:07]} Qd7 {[%clk 1:24:26]} 13.
a4 {[%clk 1:23:26]} Rfd8 {[%clk 1:20:34]} 14. d6 {[%clk 1:14:35]} Qxd6 {[%clk
1:15:52]} 15. Bf4 {[%clk 1:13:25]} Qd7 {[%clk 1:15:26]} 16. h3 {[%clk 1:11:37]}
Nf6 {[%clk 1:15:09]} 17. Be5 {[%clk 1:11:20]} Nbd5 {[%clk 1:06:13]} 18. Rac1
{[%clk 1:08:59]} Rac8 {[%clk 1:02:29]} 19. Rfe1 {[%clk 0:59:17]} b6 {[%clk
0:56:02]} 20. Qb5 {[%clk 0:52:48]} Nxc3 {[%clk 0:47:57]} 21. Nxc3 {[%clk
0:50:36]} Bh6 {[%clk 0:34:41]} 22. Rcd1 {[%clk 0:43:42]} Nd5 {[%clk 0:32:14]} 23.
Nxd5 {[%clk 0:42:07]} Qxb5 {[%clk 0:21:10]} 24. Nxe7+ {[%clk 0:41:11]} 1-0

[Event "Campeonato de España Veteranos 2017"]
[Site "Altea"]
[Date "2017.10.11"]
[Round "5"]
[White "Sarto Ramos, Angel"]
[Black "Fernandez Vicente, Carmelo"]
[Result "1/2-1/2"]
[Board "15"]
[WhiteElo "1909"]
[WhiteCountry "ESP"]
[WhiteFideId "2204614"]
[WhiteEloChange "4"]
[BlackElo "2044"]
[BlackCountry "ESP"]
[BlackFideId "2228238"]
[BlackEloChange "-4"]

1. d4 {[%clk 1:30:49]} Nf6 {[%clk 1:30:38]} 2. Nf3 {[%clk 1:30:40]} g6 {[%clk
1:30:37]} 3. Nc3 {[%clk 1:29:27]} Bg7 {[%clk 1:29:06]} 4. Bf4 {[%clk 1:28:10]} d6
{[%clk 1:24:14]} 5. Qd2 {[%clk 1:27:24]} O-O {[%clk 1:20:01]} 6. Bh6 {[%clk
1:26:04]} Nbd7 {[%clk 1:18:21]} 7. O-O-O {[%clk 1:24:51]} c5 {[%clk 1:17:38]} 8.
Bxg7 {[%clk 1:22:57]} Kxg7 {[%clk 1:17:56]} 9. h4 {[%clk 1:22:04]} h5 {[%clk
1:17:48]} 10. e4 {[%clk 1:20:33]} a6 {[%clk 1:16:20]} 11. e5 {[%clk 1:16:40]}
dxe5 {[%clk 1:15:42]} 12. dxe5 {[%clk 1:14:10]} Nh7 {[%clk 1:14:58]} 13. e6
{[%clk 1:11:40]} fxe6 {[%clk 1:14:29]} 14. Ne5 {[%clk 1:10:29]} Qc7 {[%clk
1:12:02]} 15. Nxd7 {[%clk 1:04:54]} Rd8 {[%clk 1:12:13]} 16. Qe3 {[%clk 0:54:51]}
Bxd7 {[%clk 1:10:28]} 17. Bc4 {[%clk 0:48:45]} Rf8 {[%clk 1:06:16]} 18. Ne4
{[%clk 0:39:34]} Rf5 {[%clk 0:59:32]} 19. Ng3 {[%clk 0:37:09]} Rf6 {[%clk
0:56:35]} 20. Rhe1 {[%clk 0:33:52]} Raf8 {[%clk 0:55:23]} 21. Ne4 {[%clk
0:32:47]} Rf5 {[%clk 0:54:37]} 22. f3 {[%clk 0:31:56]} b5 {[%clk 0:53:31]} 23.
Be2 {[%clk 0:31:04]} Bc8 {[%clk 0:53:24]} 24. g4 {[%clk 0:28:56]} hxg4 {[%clk
0:52:37]} 25. fxg4 {[%clk 0:29:13]} Qf4 {[%clk 0:52:46]} 26. Qxf4 {[%clk
0:28:49]} Rxf4 {[%clk 0:52:49]} 27. Nxc5 {[%clk 0:28:51]} Nf6 {[%clk 0:52:05]}
28. Nd3 {[%clk 0:23:50]} Re4 {[%clk 0:50:33]} 29. Bf3 {[%clk 0:23:22]} Rxe1
{[%clk 0:50:28]} 30. Rxe1 {[%clk 0:23:04]} Rh8 {[%clk 0:47:33]} 31. Rh1 {[%clk
0:21:37]} Nd5 {[%clk 0:47:02]} 32. Kd2 {[%clk 0:17:57]} Rf8 {[%clk 0:46:44]} 33.
Be4 {[%clk 0:15:56]} Nf6 {[%clk 0:45:44]} 34. Bf3 {[%clk 0:15:57]} Nd7 {[%clk
0:45:17]} 35. Be2 {[%clk 0:15:23]} Bb7 {[%clk 0:45:19]} 36. Rh2 {[%clk 0:14:46]}
e5 {[%clk 0:42:06]} 37. Rf2 {[%clk 0:12:54]} Rf6 {[%clk 0:39:14]} 38. g5 {[%clk
0:10:08]} Rd6 {[%clk 0:37:03]} 39. Ke3 {[%clk 0:09:04]} Nb6 {[%clk 0:35:52]} 40.
Nxe5 {[%clk 0:06:47]} Nd5+ {[%clk 0:34:26]} 41. Kd2 {[%clk 0:05:42]} Nf4+ {[%clk
0:32:45]} 42. Bd3 {[%clk 0:05:07]} Nxd3 {[%clk 0:32:12]} 43. cxd3 {[%clk
0:05:03]} Bd5 {[%clk 0:32:31]} 44. b3 {[%clk 0:05:06]} a5 {[%clk 0:32:49]} 45.
Rh2 {[%clk 0:04:38]} a4 {[%clk 0:32:53]} 46. bxa4 {[%clk 0:04:49]} bxa4 {[%clk
0:33:12]} 47. Ke3 {[%clk 0:05:01]} a3 {[%clk 0:33:27]} 48. h5 {[%clk 0:04:56]}
gxh5 {[%clk 0:33:39]} 49. Nc4 {[%clk 0:04:01]} Bxc4 {[%clk 0:33:14]} 50. dxc4
{[%clk 0:04:29]} Rb6 {[%clk 0:33:07]} 51. Kd3 {[%clk 0:04:35]} Kg6 {[%clk
0:32:07]} 52. c5 {[%clk 0:04:29]} Rc6 {[%clk 0:31:44]} 1/2-1/2

[Event "Campeonato de España Veteranos 2017"]
[Site "Altea"]
[Date "2017.10.11"]
[Round "5"]
[White "Aizpurua Blanco, Juan Antonio"]
[Black "Serra Olives, Tomas"]
[Result "0-1"]
[Board "16"]
[WhiteElo "2014"]
[WhiteCountry "ESP"]
[WhiteFideId "2217040"]
[WhiteEloChange "-6"]
[BlackTitle "FM"]
[BlackElo "2146"]
[BlackCountry "ESP"]
[BlackFideId "2203774"]
[BlackEloChange "6"]

1. e4 {[%clk 1:30:47]} c5 {[%clk 1:30:50]} 2. Nf3 {[%clk 1:30:54]} Nc6 {[%clk
1:31:14]} 3. g3 {[%clk 1:28:43]} Nf6 {[%clk 1:29:58]} 4. d3 {[%clk 1:28:30]} d5
{[%clk 1:29:21]} 5. exd5 {[%clk 1:24:53]} Nxd5 {[%clk 1:29:39]} 6. Bg2 {[%clk
1:25:09]} e5 {[%clk 1:24:40]} 7. Nc3 {[%clk 1:21:38]} Be7 {[%clk 1:19:00]} 8. O-O
{[%clk 1:15:58]} Be6 {[%clk 1:18:58]} 9. Re1 {[%clk 1:14:57]} f6 {[%clk 1:16:47]}
10. Be3 {[%clk 1:08:33]} Qd7 {[%clk 1:13:55]} 11. Nh4 {[%clk 1:03:00]} Nxe3
{[%clk 1:11:36]} 12. fxe3 {[%clk 1:00:09]} g5 {[%clk 1:04:12]} 13. Nf3 {[%clk
0:59:35]} Bg4 {[%clk 1:04:26]} 14. Qd2 {[%clk 0:58:13]} O-O-O {[%clk 1:00:38]}
15. e4 {[%clk 0:58:14]} Be6 {[%clk 0:57:36]} 16. Kh1 {[%clk 0:55:24]} h5 {[%clk
0:55:54]} 17. Nd5 {[%clk 0:47:55]} h4 {[%clk 0:55:14]} 18. Nxe7+ {[%clk 0:46:00]}
Qxe7 {[%clk 0:54:53]} 19. Kg1 {[%clk 0:46:16]} hxg3 {[%clk 0:54:30]} 20. hxg3
{[%clk 0:46:21]} Bg4 {[%clk 0:40:15]} 21. Nh2 {[%clk 0:42:33]} Bh3 {[%clk
0:34:00]} 22. Nf1 {[%clk 0:34:43]} Qd7 {[%clk 0:30:37]} 23. Qf2 {[%clk 0:28:30]}
Bxg2 {[%clk 0:27:52]} 24. Kxg2 {[%clk 0:27:28]} Nd4 {[%clk 0:27:21]} 25. Nh2
{[%clk 0:22:03]} Qh3+ {[%clk 0:27:28]} 26. Kh1 {[%clk 0:22:24]} Nf3 {[%clk
0:24:54]} 27. Re2 {[%clk 0:22:41]} Nxh2 {[%clk 0:24:52]} 0-1

[Event "Campeonato de España Veteranos 2017"]
[Site "Altea"]
[Date "2017.10.12"]
[Round "6"]
[White "Elissalt Cardenas, Hector"]
[Black "Campos Gambuti, Luis Maria"]
[Result "1/2-1/2"]
[Board "1"]
[WhiteTitle "IM"]
[WhiteElo "2324"]
[WhiteCountry "ESP"]
[WhiteFideId "3500632"]
[WhiteEloChange "3"]
[BlackTitle "IM"]
[BlackElo "2413"]
[BlackCountry "ESP"]
[BlackFideId "2226979"]
[BlackEloChange "-1"]

1. d4 {[%clk 1:29:52]} d5 {[%clk 1:27:09]} 2. c4 {[%clk 1:30:13]} dxc4 {[%clk
1:27:15]} 3. e3 {[%clk 1:30:36]} e5 {[%clk 1:25:15]} 4. Bxc4 {[%clk 1:30:55]}
exd4 {[%clk 1:25:33]} 5. Nf3 {[%clk 1:28:16]} Bb4+ {[%clk 1:24:15]} 6. Bd2 {[%clk
1:28:40]} Bxd2+ {[%clk 1:24:14]} 7. Qxd2 {[%clk 1:29:04]} Nc6 {[%clk 1:22:22]} 8.
exd4 {[%clk 1:25:31]} Qe7+ {[%clk 1:19:54]} 9. Qe3 {[%clk 1:25:36]} Nf6 {[%clk
1:19:43]} 10. Nc3 {[%clk 1:25:14]} Qxe3+ {[%clk 1:09:05]} 11. fxe3 {[%clk
1:25:34]} O-O {[%clk 1:07:33]} 12. O-O {[%clk 1:25:34]} 1/2-1/2